000 00728cam a22002533a 4500
001 16135
003 PGUSA
005 20140828083338.0
008 050626s2005||||xxu|||||s|||||000 | eng d
040 _aPGUSA
_beng
042 _adc
050 4 _aHQ
100 1 _aRout, Ettie Annie,
_d1877-1936
245 1 0 _aSafe Marriage :
_bA Return to Sanity
_h[electronic resource] /
_cEttie Annie Rout
260 _bProject Gutenberg,
_c2005
506 _aPublic domain in the USA.
516 _aElectronic text
653 _aBirth control
653 _aContraception
700 1 _aLane, William Arbuthnot,
_cSir,
_d1856-1943
830 0 _aProject Gutenberg
_v16135
856 4 0 _uhttp://www.gutenberg.org/ebooks/16135
942 _cEB
999 _c245390
_d245390